{"text_format":"3","workbook":"xlsx","n_sheets":1,"sheets":["t78"],"read":"whole","date_system":"1900"}

{"sheet":"t78","index":0,"n_rows":190,"n_cols":7,"rows_kept":190,"merged":[[0,0,0,6],[30,0,30,5],[51,0,51,5],[157,0,157,5]]}
["TABELA 78.1 - Estatísticas Agrícolas, Município de Bofete, Estado de São Paulo, 2007/08."]
["ITEM","UNIDADE","N.DE UPAs","MÍNIMO","MÉDIO","MÁXIMO","TOTAL"]
["Distância à sede do município","km",550,0.5,{"v":12.21,"d":"12.2"},{"v":59,"d":"59.0"},"-"]
["Área total","hectare",550,0.7,{"v":88.86,"d":"88.9"},{"v":3900.6,"d":"3,900.6"},{"v":48874.4,"d":"48,874.4"}]
["Área com cultura perene","hectare",92,0.1,{"v":8.58,"d":"8.6"},595.8,789.6]
["Área com cultura temporária","hectare",130,0.1,{"v":3.89,"d":"3.9"},{"v":100,"d":"100.0"},506.1]
["Área com pastagem","hectare",537,0.4,51.4,783.4,{"v":27599.2,"d":"27,599.2"}]
["Área com reflorestamento","hectare",151,0.1,{"v":66.26,"d":"66.3"},{"v":2630.2,"d":"2,630.2"},{"v":10005.4,"d":"10,005.4"}]
["Área com vegetação natural","hectare",469,0.1,{"v":16.76,"d":"16.8"},972.3,{"v":7858.9,"d":"7,858.9"}]
["Área com vegetação de brejo e várzea","hectare",83,0.1,4.6,{"v":45,"d":"45.0"},382.1]
["Área em descanso","hectare",2,0.5,{"v":1.25,"d":"1.3"},{"v":2,"d":"2.0"},2.5]
["Área complementar","hectare",515,0.1,{"v":3.36,"d":"3.4"},298.1,{"v":1730.6,"d":"1,730.6"}]
["Área das UPAs com (0, 1] ha","hectare",1,0.7,0.7,0.7,0.7]
["Área das UPAs com (1, 2] ha","hectare",3,1.2,{"v":1.67,"d":"1.7"},{"v":2,"d":"2.0"},{"v":5,"d":"5.0"}]
["Área das UPAs com (2, 5] ha","hectare",46,2.4,{"v":3.72,"d":"3.7"},{"v":5,"d":"5.0"},171.1]
["Área das UPAs com (5, 10] ha","hectare",79,5.2,{"v":7.62,"d":"7.6"},{"v":10,"d":"10.0"},602.1]
["Área das UPAs com (10, 20] ha","hectare",116,10.5,{"v":14.94,"d":"14.9"},{"v":20,"d":"20.0"},{"v":1732.8,"d":"1,732.8"}]
["Área das UPAs com (20, 50] ha","hectare",131,20.2,{"v":31.95,"d":"32.0"},49.6,{"v":4184.8,"d":"4,184.8"}]
["Área das UPAs com (50, 100] ha","hectare",71,50.7,{"v":70.33,"d":"70.3"},96.8,{"v":4993.3,"d":"4,993.3"}]
["Área das UPAs com (100, 200] ha","hectare",37,100.4,{"v":134.46,"d":"134.5"},188.7,{"v":4975.1,"d":"4,975.1"}]
["Área das UPAs com (200, 500] ha","hectare",48,201.4,296.2,{"v":484,"d":"484.0"},{"v":14217.4,"d":"14,217.4"}]
["Área das UPAs com (500, 1.000] ha","hectare",14,532.4,{"v":676.91,"d":"676.9"},{"v":876,"d":"876.0"},{"v":9476.8,"d":"9,476.8"}]
["Área das UPAs com (1.000, 2.000] ha","hectare",3,{"v":1369.7,"d":"1,369.7"},{"v":1538.23,"d":"1,538.2"},{"v":1695,"d":"1,695.0"},{"v":4614.7,"d":"4,614.7"}]
["Área das UPAs com (2.000, 5.000] ha","hectare",1,{"v":3900.6,"d":"3,900.6"},{"v":3900.6,"d":"3,900.6"},{"v":3900.6,"d":"3,900.6"},{"v":3900.6,"d":"3,900.6"}]
["Área das UPAs com (5.000, 10.000] ha","hectare","-","-","-","-","-"]
["Área das UPAs acima de 10.000 ha","hectare","-","-","-","-","-"]
["Familiares do proprietário que trabalham na UPA","unidade",357,{"v":1,"d":"1.0"},{"v":1.73,"d":"1.7"},{"v":10,"d":"10.0"},{"v":617,"d":"617.0"}]
["Trabalhadores permanentes","unidade",191,{"v":1,"d":"1.0"},{"v":3.99,"d":"4.0"},{"v":130,"d":"130.0"},{"v":763,"d":"763.0"}]
["Fonte: Secretaria de Agricultura e Abastecimento, CDRS/IEA, Projeto LUPA."]
[]
["TABELA 78.2 - Explorações Animais, Município de Bofete, Estado de São Paulo, 2007/08."]
["ITEM","UNIDADE","N.DE UPAs","MÍNIMO","MÉDIO","MÁXIMO","TOTAL"]
["Apicultura","colmeias",16,{"v":2,"d":"2.0"},{"v":34.06,"d":"34.1"},{"v":120,"d":"120.0"},{"v":545,"d":"545.0"}]
["Asininos E Muares","cabeças",88,{"v":1,"d":"1.0"},{"v":1.75,"d":"1.8"},{"v":14,"d":"14.0"},{"v":154,"d":"154.0"}]
["Avestruzes e Ema (Criadouro)","cabeças",2,{"v":20,"d":"20.0"},{"v":135,"d":"135.0"},{"v":250,"d":"250.0"},{"v":270,"d":"270.0"}]
["Avicultura de Corte","cabeças/ano",55,{"v":20,"d":"20.0"},{"v":127310.15,"d":"127,310.2"},{"v":850000,"d":"850,000.0"},{"v":7002058,"d":"7,002,058.0"}]
["Avicultura Ornamental/Decorativa/Exótica","cabeças",4,{"v":1,"d":"1.0"},{"v":82.75,"d":"82.8"},{"v":150,"d":"150.0"},{"v":331,"d":"331.0"}]
["Avicultura para Ovos","cabeças",6,{"v":4,"d":"4.0"},{"v":40.67,"d":"40.7"},{"v":100,"d":"100.0"},{"v":244,"d":"244.0"}]
["Bovinocultura de Corte","cabeças",131,{"v":3,"d":"3.0"},114.9,{"v":1148,"d":"1,148.0"},{"v":15052,"d":"15,052.0"}]
["Bovinocultura Leiteira","cabeças",68,{"v":1,"d":"1.0"},{"v":27.16,"d":"27.2"},{"v":130,"d":"130.0"},{"v":1847,"d":"1,847.0"}]
["Bovinocultura Mista","cabeças",337,{"v":2,"d":"2.0"},{"v":47.55,"d":"47.6"},{"v":600,"d":"600.0"},{"v":16026,"d":"16,026.0"}]
["Bubalinocultura","cabeças",1,{"v":400,"d":"400.0"},{"v":400,"d":"400.0"},{"v":400,"d":"400.0"},{"v":400,"d":"400.0"}]
["Caprinocultura","cabeças",10,{"v":1,"d":"1.0"},8.2,{"v":30,"d":"30.0"},{"v":82,"d":"82.0"}]
["Cunicultura","cabeças",1,{"v":30,"d":"30.0"},{"v":30,"d":"30.0"},{"v":30,"d":"30.0"},{"v":30,"d":"30.0"}]
["Equinocultura","cabeças",346,{"v":1,"d":"1.0"},{"v":3.79,"d":"3.8"},{"v":60,"d":"60.0"},{"v":1313,"d":"1,313.0"}]
["Outra Exploração Animal","cabeças",1,{"v":5,"d":"5.0"},{"v":5,"d":"5.0"},{"v":5,"d":"5.0"},{"v":5,"d":"5.0"}]
["Ovinocultura","cabeças",33,{"v":2,"d":"2.0"},{"v":69.82,"d":"69.8"},{"v":600,"d":"600.0"},{"v":2304,"d":"2,304.0"}]
["Piscicultura","m² tanques",6,{"v":300,"d":"300.0"},{"v":4929.17,"d":"4,929.2"},{"v":24200,"d":"24,200.0"},{"v":29575,"d":"29,575.0"}]
["Suinocultura","cabeças",87,{"v":1,"d":"1.0"},{"v":10.36,"d":"10.4"},{"v":100,"d":"100.0"},{"v":901,"d":"901.0"}]
["Fonte: Secretaria de Agricultura e Abastecimento, CDRS/IEA, Projeto LUPA."]
[]
["TABELA 78.3 -  Máquinas, Implementos e Benfeitorias, Município de Bofete, Estado de São Paulo, 2007/08."]
["ITEM","UNIDADE","N.DE UPAs","MÍNIMO","MÉDIO","MÁXIMO","TOTAL"]
["Arado Comum (Bacia, Aiveca)","Unidade",86,{"v":1,"d":"1.0"},{"v":1.12,"d":"1.1"},{"v":4,"d":"4.0"},{"v":96,"d":"96.0"}]
["Arado Escarificador","Unidade",4,{"v":1,"d":"1.0"},{"v":1.25,"d":"1.3"},{"v":2,"d":"2.0"},{"v":5,"d":"5.0"}]
["Arado Subsolador","Unidade",14,{"v":1,"d":"1.0"},{"v":1.64,"d":"1.6"},{"v":10,"d":"10.0"},{"v":23,"d":"23.0"}]
["Batedeira de Cereais","Unidade",4,{"v":1,"d":"1.0"},{"v":1,"d":"1.0"},{"v":1,"d":"1.0"},{"v":4,"d":"4.0"}]
["Câmara Fria","Unidade",2,{"v":1,"d":"1.0"},{"v":1,"d":"1.0"},{"v":1,"d":"1.0"},{"v":2,"d":"2.0"}]
["Carregadeira de Cana","Unidade",1,{"v":1,"d":"1.0"},{"v":1,"d":"1.0"},{"v":1,"d":"1.0"},{"v":1,"d":"1.0"}]
["Colhedeira Acoplada","Unidade",2,{"v":1,"d":"1.0"},{"v":1,"d":"1.0"},{"v":1,"d":"1.0"},{"v":2,"d":"2.0"}]
["Colhedeira Automotriz","Unidade",2,{"v":1,"d":"1.0"},{"v":1,"d":"1.0"},{"v":1,"d":"1.0"},{"v":2,"d":"2.0"}]
["Computador","Unidade",2,{"v":1,"d":"1.0"},{"v":1,"d":"1.0"},{"v":1,"d":"1.0"},{"v":2,"d":"2.0"}]
["Conj.Irrigação Autopropelido","Unidade",2,{"v":1,"d":"1.0"},3.5,{"v":6,"d":"6.0"},{"v":7,"d":"7.0"}]
["Conj.Irrigação Convencional","Unidade",3,{"v":1,"d":"1.0"},{"v":4,"d":"4.0"},{"v":10,"d":"10.0"},{"v":12,"d":"12.0"}]
["Conj.Irrigação/Gotejamento/Microaspersão","Unidade",1,{"v":1,"d":"1.0"},{"v":1,"d":"1.0"},{"v":1,"d":"1.0"},{"v":1,"d":"1.0"}]
["Desintegrador, Picador, Triturador","Unidade",149,{"v":1,"d":"1.0"},{"v":1.07,"d":"1.1"},{"v":3,"d":"3.0"},{"v":160,"d":"160.0"}]
["Distribuidor de Calcário","Unidade",28,{"v":1,"d":"1.0"},{"v":1.11,"d":"1.1"},{"v":2,"d":"2.0"},{"v":31,"d":"31.0"}]
["Ensiladeira","Unidade",28,{"v":1,"d":"1.0"},{"v":1.11,"d":"1.1"},{"v":2,"d":"2.0"},{"v":31,"d":"31.0"}]
["Grade Aradora (Tipo Romi)","Unidade",33,{"v":1,"d":"1.0"},{"v":1.06,"d":"1.1"},{"v":2,"d":"2.0"},{"v":35,"d":"35.0"}]
["Grade Niveladora","Unidade",55,{"v":1,"d":"1.0"},{"v":1.04,"d":"1.0"},{"v":2,"d":"2.0"},{"v":57,"d":"57.0"}]
["Implementos para Tração Animal","Unidade",84,{"v":1,"d":"1.0"},{"v":2.57,"d":"2.6"},{"v":7,"d":"7.0"},{"v":216,"d":"216.0"}]
["Microtrator","Unidade",8,{"v":1,"d":"1.0"},{"v":1,"d":"1.0"},{"v":1,"d":"1.0"},{"v":8,"d":"8.0"}]
["Misturador de Ração","Unidade",7,{"v":1,"d":"1.0"},{"v":1.14,"d":"1.1"},{"v":2,"d":"2.0"},{"v":8,"d":"8.0"}]
["Ordenhadeira Mecânica","Unidade",13,{"v":1,"d":"1.0"},{"v":1,"d":"1.0"},{"v":1,"d":"1.0"},{"v":13,"d":"13.0"}]
["Pulverizador Tratorizado","Unidade",8,{"v":1,"d":"1.0"},{"v":1.38,"d":"1.4"},{"v":4,"d":"4.0"},{"v":11,"d":"11.0"}]
["Resfriador de Leite, Tanque Expansão","Unidade",12,{"v":1,"d":"1.0"},{"v":1.17,"d":"1.2"},{"v":2,"d":"2.0"},{"v":14,"d":"14.0"}]
["Semeadeira/Adubadeira para Plantio Convencional","Unidade",13,{"v":1,"d":"1.0"},{"v":1.77,"d":"1.8"},{"v":10,"d":"10.0"},{"v":23,"d":"23.0"}]
["Semeadeira/Plantadeira Plantio Direto","Unidade",5,{"v":1,"d":"1.0"},{"v":1,"d":"1.0"},{"v":1,"d":"1.0"},{"v":5,"d":"5.0"}]
["Terraceador","Unidade",3,{"v":1,"d":"1.0"},{"v":1,"d":"1.0"},{"v":1,"d":"1.0"},{"v":3,"d":"3.0"}]
["Trator de Esteiras","Unidade",4,{"v":1,"d":"1.0"},{"v":1,"d":"1.0"},{"v":1,"d":"1.0"},{"v":4,"d":"4.0"}]
["Trator de Pneus","Unidade",116,{"v":1,"d":"1.0"},{"v":1.45,"d":"1.5"},{"v":14,"d":"14.0"},{"v":168,"d":"168.0"}]
["Açude/Represa","Unidade",227,{"v":1,"d":"1.0"},{"v":2.07,"d":"2.1"},{"v":18,"d":"18.0"},{"v":471,"d":"471.0"}]
["Almoxarifado/Oficina","Unidade",34,{"v":1,"d":"1.0"},{"v":1.06,"d":"1.1"},{"v":2,"d":"2.0"},{"v":36,"d":"36.0"}]
["Armazém para Grãos Ensacados","Sacas",4,{"v":1,"d":"1.0"},{"v":125.75,"d":"125.8"},{"v":500,"d":"500.0"},{"v":503,"d":"503.0"}]
["Balança para Bovinos","Unidade",32,{"v":1,"d":"1.0"},{"v":1.03,"d":"1.0"},{"v":2,"d":"2.0"},{"v":33,"d":"33.0"}]
["Balança para Veículos","Unidade",3,{"v":1,"d":"1.0"},{"v":1,"d":"1.0"},{"v":1,"d":"1.0"},{"v":3,"d":"3.0"}]
["Barracão para Granja/Avicultura","Unidade",59,{"v":1,"d":"1.0"},{"v":2.25,"d":"2.3"},{"v":11,"d":"11.0"},{"v":133,"d":"133.0"}]
["Barracão/Galpão/Garagem","Unidade",139,{"v":1,"d":"1.0"},{"v":1.14,"d":"1.1"},{"v":3,"d":"3.0"},{"v":159,"d":"159.0"}]
["Biodigestor","Unidade",1,{"v":1,"d":"1.0"},{"v":1,"d":"1.0"},{"v":1,"d":"1.0"},{"v":1,"d":"1.0"}]
["Casa de Moradia Habitada","Unidade",333,{"v":1,"d":"1.0"},{"v":1.63,"d":"1.6"},{"v":11,"d":"11.0"},{"v":543,"d":"543.0"}]
["Casa de Moradia Total","Unidade",427,{"v":1,"d":"1.0"},2.1,{"v":19,"d":"19.0"},{"v":898,"d":"898.0"}]
["Curral/Mangueira","Unidade",368,{"v":1,"d":"1.0"},{"v":1.09,"d":"1.1"},{"v":8,"d":"8.0"},{"v":401,"d":"401.0"}]
["Depósito/Tulha","Unidade",292,{"v":1,"d":"1.0"},{"v":1.24,"d":"1.2"},{"v":7,"d":"7.0"},{"v":362,"d":"362.0"}]
["Engenho","Unidade",3,{"v":1,"d":"1.0"},{"v":1,"d":"1.0"},{"v":1,"d":"1.0"},{"v":3,"d":"3.0"}]
["Estábulo","Unidade",16,{"v":1,"d":"1.0"},{"v":1.25,"d":"1.3"},{"v":4,"d":"4.0"},{"v":20,"d":"20.0"}]
["Estufa/Plasticultura","m²",3,{"v":1,"d":"1.0"},{"v":1067,"d":"1,067.0"},{"v":3000,"d":"3,000.0"},{"v":3201,"d":"3,201.0"}]
["Fábrica de Ração","Unidade",4,{"v":1,"d":"1.0"},{"v":1,"d":"1.0"},{"v":1,"d":"1.0"},{"v":4,"d":"4.0"}]
["Instalações para Equinos","Unidade",22,{"v":1,"d":"1.0"},{"v":6.68,"d":"6.7"},{"v":69,"d":"69.0"},{"v":147,"d":"147.0"}]
["Olaria","Unidade",2,{"v":1,"d":"1.0"},1.5,{"v":2,"d":"2.0"},{"v":3,"d":"3.0"}]
["Pocilga","Unidade",95,{"v":1,"d":"1.0"},{"v":1.24,"d":"1.2"},{"v":7,"d":"7.0"},{"v":118,"d":"118.0"}]
["Poço Semi-Artesiano","Unidade",35,{"v":1,"d":"1.0"},{"v":1.14,"d":"1.1"},{"v":2,"d":"2.0"},{"v":40,"d":"40.0"}]
["Posto Meteorológico","Unidade",3,{"v":1,"d":"1.0"},{"v":1.33,"d":"1.3"},{"v":2,"d":"2.0"},{"v":4,"d":"4.0"}]
["Secador de Grãos","Unidade",1,{"v":1,"d":"1.0"},{"v":1,"d":"1.0"},{"v":1,"d":"1.0"},{"v":1,"d":"1.0"}]
["Silo para Grãos","t",2,{"v":3,"d":"3.0"},151.5,{"v":300,"d":"300.0"},{"v":303,"d":"303.0"}]
["Silo para Silagem","t",15,{"v":1,"d":"1.0"},{"v":97.93,"d":"97.9"},{"v":400,"d":"400.0"},{"v":1469,"d":"1,469.0"}]
["Terreiro","m²",71,{"v":1,"d":"1.0"},{"v":282.54,"d":"282.5"},{"v":5000,"d":"5,000.0"},{"v":20060,"d":"20,060.0"}]
["Fonte: Secretaria de Agricultura e Abastecimento, CDRS/IEA, Projeto LUPA."]
[]
["TABELA 78.4 - Outras Estatísticas Agrícolas, Município de Bofete, Estado de São Paulo, 2007/08."]
["ITEM","Número de UPAs",null,"Percentual"]
["Faz Parte de Associação de Produtores",24,null,{"v":4.363636363636363,"d":"4.4"}]
["Faz Parte de Cooperativa de Produtores",19,null,{"v":3.454545454545455,"d":"3.5"}]
["Faz Parte do Sindicato de Produtores",73,null,{"v":13.272727272727272,"d":"13.3"}]
["Não utiliza assistência técnica ",98,null,{"v":17.818181818181817,"d":"17.8"}]
["Utiliza somente assistência técnica governamental ",354,null,{"v":64.36363636363636,"d":"64.4"}]
["Utiliza somente assistência técnica privada ",20,null,{"v":3.6363636363636362,"d":"3.6"}]
["Utiliza assistência técnica tanto governamental quanto privada",78,null,{"v":14.181818181818182,"d":"14.2"}]
["Utiliza Crédito Rural",35,null,{"v":6.363636363636364,"d":"6.4"}]
["Utiliza Seguro Rural",10,null,{"v":1.8181818181818183,"d":"1.8"}]
["Utiliza Escrituração Agrícola",22,null,{"v":4,"d":"4.0"}]
["Acessa Internet p/ Fins na Agropecuária",21,null,{"v":3.8181818181818183,"d":"3.8"}]
["Utiliza Computador nas Atividades Agropecuárias",26,null,{"v":4.7272727272727275,"d":"4.7"}]
["Utiliza Energia Elétrica Para Uso na Atividade Agrícola",422,null,{"v":76.72727272727273,"d":"76.7"}]
["Realiza Análise de Solo, quando necessário",85,null,{"v":15.454545454545455,"d":"15.5"}]
["Utiliza Práticas de Conservação de Solo, quando necessário",122,null,{"v":22.18181818181818,"d":"22.2"}]
["Faz Adubação Mineral, quando necessário",151,null,{"v":27.454545454545453,"d":"27.5"}]
["Faz Adubação Orgânica, quando necessário",121,null,{"v":22,"d":"22.0"}]
["Faz Adubação Verde, quando necessário",3,null,{"v":0.5454545454545454,"d":"0.5"}]
["Utiliza Manejo Integrado de Pragas (MIP)","-",null,"-"]
["Utiliza Hidroponia",1,null,{"v":0.18181818181818182,"d":"0.2"}]
["Utiliza Plasticultura",5,null,{"v":0.9090909090909092,"d":"0.9"}]
["Utiliza Mudas Fiscalizadas",40,null,{"v":7.272727272727273,"d":"7.3"}]
["Utiliza Semente Melhorada",66,null,{"v":12,"d":"12.0"}]
["Faz Confinamento de Bovinos",5,null,{"v":0.9090909090909092,"d":"0.9"}]
["Utiliza Pastejo Intensivo",166,null,{"v":30.181818181818183,"d":"30.2"}]
["Faz Inseminação Artificial",20,null,{"v":3.6363636363636367,"d":"3.6"}]
["Faz Mineralização do Rebanho",486,null,{"v":88.36363636363636,"d":"88.4"}]
["Faz Vermifugação do Rebanho",488,null,{"v":88.72727272727272,"d":"88.7"}]
["Possui Parceiros /Arrendatários na Exploração Animal",114,null,{"v":20.72727272727273,"d":"20.7"}]
["Esporte e lazer",1,null,{"v":0.18181818181818182,"d":"0.2"}]
["Extração mineral",7,null,{"v":1.2727272727272727,"d":"1.3"}]
["Hotel Fazenda, Pousada ou SPA","-",null,"-"]
["Pesque-pague","-",null,"-"]
["Restaurante ou Lanchonete",1,null,{"v":0.18181818181818182,"d":"0.2"}]
["Transformação artesanal",1,null,{"v":0.18181818181818182,"d":"0.2"}]
["Turismo rural ou ecoturismo","-",null,"-"]
["Outras atividades econômicas rurais",2,null,{"v":0.36363636363636365,"d":"0.4"}]
["Agroindústria",1,null,{"v":0.18181818181818182,"d":"0.2"}]
["Proprietário sem instrução ou com instrução incompleta",60,null,{"v":10.909090909090908,"d":"10.9"}]
["Proprietário com antigo primário completo",207,null,{"v":37.63636363636364,"d":"37.6"}]
["Proprietário com 1° grau (ou antigo ginasial) completo",40,null,{"v":7.272727272727273,"d":"7.3"}]
["Proprietário com 2° grau (ou antigo colegial) completo",58,null,{"v":10.545454545454545,"d":"10.5"}]
["Proprietário com curso superior completo ",162,null,{"v":29.454545454545453,"d":"29.5"}]
["Pessoa Jurídica",23,null,{"v":4.181818181818182,"d":"4.2"}]
["Proprietário residente na própria UPA ",128,null,{"v":23.272727272727273,"d":"23.3"}]
["Fonte: Secretaria de Agricultura e Abastecimento, CDRS/IEA, Projeto LUPA."]
[]
["TABELA 78.5 - Área Cultivada, Município de Bofete, Estado de São Paulo, 2007/08."]
["CULTURA","N.DE UPAs","MÍNIMO","MÉDIO","MÁXIMO","TOTAL"]
["Braquiaria",440,0.4,{"v":50.69,"d":"50.7"},740.2,{"v":22305.4,"d":"22,305.4"}]
["Eucalipto",149,0.1,{"v":65.05,"d":"65.1"},{"v":2630.2,"d":"2,630.2"},{"v":9692.4,"d":"9,692.4"}]
["Gramas",198,{"v":1,"d":"1.0"},{"v":21.11,"d":"21.1"},{"v":542,"d":"542.0"},{"v":4180.3,"d":"4,180.3"}]
["Capim-jaragua",63,0.7,{"v":13.04,"d":"13.0"},{"v":175,"d":"175.0"},821.5]
["Laranja",2,0.5,{"v":298.15,"d":"298.2"},595.8,596.3]
["Pinus",3,{"v":2,"d":"2.0"},{"v":104,"d":"104.0"},{"v":300,"d":"300.0"},{"v":312,"d":"312.0"}]
["Cana-de-acucar",107,0.1,{"v":2.72,"d":"2.7"},{"v":100,"d":"100.0"},291.3]
["Milho",51,0.1,{"v":3.82,"d":"3.8"},{"v":30,"d":"30.0"},194.7]
["Cafe",68,0.2,{"v":2.42,"d":"2.4"},{"v":15,"d":"15.0"},164.3]
["Outras gramineas para pastagem",5,2.1,21.9,{"v":80,"d":"80.0"},109.5]
["Capim-napier (ou capim-elefante)",57,0.2,{"v":1.65,"d":"1.7"},{"v":10,"d":"10.0"},93.9]
["Coloniao",3,{"v":15,"d":"15.0"},{"v":27.53,"d":"27.5"},48.4,82.6]
["Manga",1,12.1,12.1,12.1,12.1]
["Palmito",1,{"v":10,"d":"10.0"},{"v":10,"d":"10.0"},{"v":10,"d":"10.0"},{"v":10,"d":"10.0"}]
["Pomar domestico",20,0.1,0.4,{"v":2,"d":"2.0"},7.9]
["Capim-gordura",1,{"v":6,"d":"6.0"},{"v":6,"d":"6.0"},{"v":6,"d":"6.0"},{"v":6,"d":"6.0"}]
["Abacate",2,{"v":2,"d":"2.0"},2.2,2.4,4.4]
["Arroz",5,0.6,{"v":0.76,"d":"0.8"},{"v":1,"d":"1.0"},3.8]
["Feijao",5,0.1,0.5,0.6,2.5]
["Limao",1,2.4,2.4,2.4,2.4]
["Mandioca",2,0.5,{"v":0.85,"d":"0.9"},1.2,1.7]
["Horta domestica",1,1.2,1.2,1.2,1.2]
["Tangerina",1,1.2,1.2,1.2,1.2]
["Acerola (ou cereja-das-antilhas)",1,{"v":1,"d":"1.0"},{"v":1,"d":"1.0"},{"v":1,"d":"1.0"},{"v":1,"d":"1.0"}]
["Viveiro de florestais",1,{"v":1,"d":"1.0"},{"v":1,"d":"1.0"},{"v":1,"d":"1.0"},{"v":1,"d":"1.0"}]
["Mandioquinha",1,0.2,0.2,0.2,0.2]
["Cenoura",1,0.2,0.2,0.2,0.2]
["Alface",1,0.2,0.2,0.2,0.2]
["Beterraba",1,0.2,0.2,0.2,0.2]
["Pimentao",1,0.1,0.1,0.1,0.1]
["Fonte: Secretaria de Agricultura e Abastecimento, CDRS/IEA, Projeto LUPA."]